| 000 | 003690000a22001570004500 | ||
|---|---|---|---|
| 001 | 004723 | ||
| 003 | MACL | ||
| 040 | _aMACL | ||
| 090 |
_c16716 _d16715 |
||
| 100 | _aChattopadhyay, D.P. | ||
| 245 |
_aSome Aspects Of India's Philosophical And Scientific Heritage _cD.P. Chattopadhyay |
||
| 260 | _c1995 | ||
| 350 | _a100 | ||
| 650 | _aPhilosophy | ||
| 942 |
_k100 _cBook |
||
| 999 |
_c16610 _d16610 |
||